Most UCL assists - Statistics

General Stats
  • This quiz has been taken 149 times
  • The average score is 17 of 30
Answer Stats
Assists Player % Correct
40 Lionel Messi
99%
42 Cristiano Ronaldo
98%
29 Karim Benzema
92%
33 Neymar Júnior
89%
30 Xavi Hernández
83%
29 Andrés Iniesta
82%
29 Kevin De Bruyne
82%
26 Luis Suárez
81%
19 Toni Kroos
81%
20 Gareth Bale
79%
30 Thomas Müller
78%
22 Robert Lewandowski
70%
23 Kylian Mbappé
60%
39 Ángel Di María
58%
22 Frank Lampard
56%
24 Mesut Özil
54%
19 Arjen Robben
49%
31 Ryan Giggs
49%
25 Franck Ribéry
48%
26 Zlatan Ibrahimović
48%
21 Wayne Rooney
46%
23 Ricardo Kaká
38%
24 Marcelo
33%
21 Vinícus Júnior
32%
23 Dani Alves
31%
21 Raheem Sterling
31%
26 Cesc Fàbregas
29%
19 Leroy Sané
27%
20 Samuel Eto'o
26%
20 Joshua Kimmich
16%
No matching quizzes found
Score Distribution
Percent of People with Each Score
Percentile by Number Answered
Your Score History
You have not taken this quiz